Loading...

Principles of structual design

Bibliographic Details
Main Author: Gupta
Published: CRC 2010
LEADER 00187 a2200097 4500
020
260 |b CRC  |c 2010 
942 |c BB  |6 _ 
245 |a Principles of structual design 
100 |a Gupta 
999 |c 60652  |d 60652